000 00877nam a2200253Ia 4500
003 OSt
005 20220923224838.0
006 a|||||r|||| 00| 0
007 ta
008 220922b |||||||| |||| 00| 0 hin d
024 _a252,169
037 _cTextual
040 _aARTS
_cARTS
_bhin
041 _2hin
_ahin
082 _aO152,6N295:g, L3
100 _aसिंह, शिवप्र्रसाद
245 0 _aआधुनिक परिवेश और अस्तित्ववाद
246 _aĀdhunik parivesh aur astitvavāda
260 _aदिल्ली
_b नेशनल पब्लिंिशंग
_c1973
300 _a152p.
_ccm.
650 _aहिन्दी साहित्य
_9156264
942 _hO152,6N295:g, L3
_cTEXL
_2CC
999 _c374076
_d374076